[Event "1st Fermo Festival"]
[Site "Porto San Giorgio ITA"]
[Date "2010.08.24"]
[Round "4"]
[White "Consalvo,G"]
[Black "Calavalle,G"]
[Result "0-1"]
[WhiteElo "2002"]
[BlackElo "2201"]

1.e4 c5 2.Nf3 Nc6 3.Nc3 e5 4.Bc4 d6 5.d3 Be7 6.O-O Bg4 7.Be3 Nf6 8.Nb1 Nd4
9.Bxd4 cxd4 10.Nbd2 h6 11.c3 dxc3 12.bxc3 O-O 13.Re1 Rc8 14.Qb3 Qc7 15.a4 Nd7
16.Re3 Nb6 17.h3 Nxc4 18.Qxc4 Qxc4 19.Nxc4 Be6 20.Na3 Rxc3 21.Nb5 Rb3 22.Nxa7 Ra8
23.Nb5 Rxb5  0-1

[Event "TCh-ESP CECLUB Honor"]
[Site "Sestao ESP"]
[Date "2010.08.24"]
[Round "2"]
[White "Ibarra Jerez,JC"]
[Black "Llanes Hurtado,M"]
[Result "1-0"]
[WhiteElo "2520"]
[BlackElo "2477"]

1.e4 c5 2.Nf3 Nc6 3.Nc3 g6 4.d4 cxd4 5.Nxd4 Bg7 6.Be3 Nf6 7.Bc4 O-O 8.Bb3 a5
9.O-O a4 10.Nxa4 Nxe4 11.Nb5 d5 12.Bb6 Qd7 13.Nc7 Rxa4 14.Bxa4 Bxb2 15.Qxd5 Bxa1
16.Qxe4 Bg7 17.c4 Qd2 18.Bxc6 bxc6 19.Qxe7 Bd4 20.Bxd4 Qxd4 21.c5 Bf5 22.Ne8 Be6
23.a3 Bd5 24.Qf6 Qxf6 25.Nxf6+ Kg7 26.Nxd5 cxd5 27.Rc1 Rc8 28.c6 Rc7 29.Kf1 Kf6
30.Ke2 Ke7 31.Kd2 Kd8 32.Rc5 Kc8 33.a4 Ra7 34.a5 Kc7 35.Kd3 Ra8 36.Kd4 h5
37.h4 Re8 38.a6 Re4+ 39.Kxd5 Rf4 40.f3 Ra4 41.Rb5 Rxa6 42.Rb7+ Kc8 43.Rxf7 Ra2
44.g3 Rd2+ 45.Ke5 Rc2 46.Rf6  1-0

[Event "TCh-SRB 1st League"]
[Site "Vrnjacka Banja SRB"]
[Date "2010.08.24"]
[Round "4"]
[White "Brenjo,S"]
[Black "Miljkovic,Mir1"]
[Result "1/2-1/2"]
[WhiteElo "2522"]
[BlackElo "2510"]

1.e4 c5 2.Nf3 Nc6 3.Nc3 Nf6 4.d4 cxd4 5.Nxd4 e5 6.Ndb5 d6 7.Nd5 Nxd5 8.exd5 Ne7
9.c4 Nf5 10.Bd3 Be7 11.O-O O-O 12.Kh1 a6 13.Nc3 Nd4 14.f4 f5 15.Be3 Qc7 16.Rc1 b6
17.b4 Bd7 18.a3 Qa7 19.Bb1 a5 20.Bxd4 exd4 21.Ne2 axb4 22.axb4 Qa4 23.Nxd4 Qxb4
24.Nc6 Bxc6 25.dxc6 Ra5 26.Qe2 Bd8 27.Qe6+ Rf7 28.Qe8+ Rf8 29.Qe6+ Rf7 30.Qe8+  1/2-1/2

[Event "25th Open"]
[Site "Schwarzach AUT"]
[Date "2010.08.25"]
[Round "5"]
[White "Pizzuto,S"]
[Black "Feige,M"]
[Result "0-1"]
[WhiteElo "2168"]
[BlackElo "2402"]

1.e4 c5 2.Nc3 Nc6 3.Bb5 Nd4 4.Bc4 e6 5.Nge2 Ne7 6.O-O Nec6 7.d3 Be7 8.f4 a6
9.a3 b5 10.Ba2 O-O 11.f5 Bf6 12.Nf4 b4 13.axb4 cxb4 14.Na4 b3 15.cxb3 Be5
16.Qg4 exf5 17.exf5 d5 18.Nh5 g6 19.Ng3 Kh8 20.Bg5 f6 21.Bh6 Rg8 22.Rae1 Nxf5
23.Nxf5 Bxf5 24.Qd1 Qd6 25.h3 Nb4 26.d4 Bh2+ 27.Kh1 Nxa2 28.Nc5 Nb4 29.Rxf5 gxf5
30.Re6 Qg3 31.Qe2 Qg6 32.Bd2 Bc7 33.Qf3 a5 34.Nd7 Qf7 35.Nc5 Rae8 36.Qxf5 Rxe6
37.Nxe6 Bd6 38.Bg5 Be7 39.Bh4 Qg6 40.Qf3 Re8  0-1

[Event "Centenary GM"]
[Site "Dun Laoghaire IRL"]
[Date "2010.08.26"]
[Round "6"]
[White "Atlas,V"]
[Black "Manca,F"]
[Result "1/2-1/2"]
[WhiteElo "2440"]
[BlackElo "2356"]

1.e4 c5 2.Nf3 Nc6 3.Nc3 g6 4.d4 cxd4 5.Nxd4 Bg7 6.Nde2 Nf6 7.g3 d6 8.Bg2 O-O
9.O-O Rb8 10.a4 a6 11.Nd5 b5 12.axb5 axb5 13.Be3 b4 14.Nd4 Nxd4 15.Bxd4 Nxd5
16.exd5 Bxd4 17.Qxd4 Bf5 18.Ra7 Bxc2 19.Re1 Re8 20.Bh3 Qb6 21.Qxb6 Rxb6 22.Bd7 Reb8
23.Rxe7 R6b7 24.Bc6 Rxe7 25.Rxe7 Kf8 26.Rd7 Bf5 27.Ra7 Bd3 28.Kg2 Be4+ 29.f3 Bd3
30.Kf2 Bb5 31.Ke3 Rb6 32.Rc7 Rb8 33.Rd7 Bxc6 34.dxc6 Rc8 35.c7 Ke8 36.Rd8+ Rxd8
37.cxd8=Q+ Kxd8 38.Kd4 Kc7 39.Kc4 Kc6 40.Kxb4 Kd5 41.Kc3 h5 42.Kd3 f6 43.h4 g5
44.Kc3 f5 45.f4 gxf4 46.gxf4 Ke4 47.b4 d5 48.b5 Ke3 49.b6 d4+ 50.Kc4 d3 51.b7 d2
52.b8=Q d1=Q 53.Qe5+ Kf3 54.Qxf5 Qa4+ 55.Kd5 Qxf4 56.Qxh5+ Kg3 57.Qg5+ Qg4
58.Ke5 Kh3 59.Qxg4+  1/2-1/2

[Event "ch-RUS Higher League w"]
[Site "St Petersburg RUS"]
[Date "2010.08.26"]
[Round "1"]
[White "Avdeenko,T"]
[Black "Shadrina,T"]
[Result "0-1"]
[WhiteElo "2187"]
[BlackElo "2374"]

1.e4 c5 2.Nc3 Nc6 3.Bb5 Nd4 4.Bc4 e6 5.Nf3 g6 6.Nxd4 cxd4 7.Ne2 Bg7 8.c3 dxc3
9.dxc3 Ne7 10.Bg5 b5 11.Bxb5 Rb8 12.a4 a6 13.Qd6 Rb6 14.Qc5 Rb8 15.Qd6 Rb6
16.Bxe7 Rxd6 17.Bxd8 Kxd8 18.Bc4 Bb7 19.f3 Ke7 20.Kf2 Rc8 21.b3 f5 22.exf5 gxf5
23.Ra2 Rdc6 24.Nd4 Rc5 25.Re1 Kf6 26.g4 fxg4 27.fxg4 h5 28.h3 hxg4 29.hxg4 Rh8
30.Kg3 Bf8 31.Rf2+ Ke7 32.Rh2 Rxh2 33.Kxh2 e5 34.Nf5+ Kf6 35.Re3 d5 36.Bf1 Rc7
37.Bg2 Ba3 38.Rd3 e4 39.Rh3 Ke5 40.Nd4 Bb2 41.Ne2 a5 42.Rh5+ Kf6 43.Nf4 Bxc3
44.Rf5+ Ke7 45.Rxd5 e3 46.Rd3 Be5 47.Rxe3 Kd6 48.Rd3+ Kc5 49.Kg3 Bxg2 50.Kxg2 Bxf4
51.Kf3 Rf7 52.Ke4 Bc7 53.Rd5+ Kc6 54.Rg5 Rf4+ 55.Kd3 Rf1 56.Rb5 Rf3+ 57.Kc2 Rf4
58.g5 Rg4 59.Kd3 Bd8 60.Kc3 Be7 61.Rf5 Bb4+ 62.Kd3 Kd6 63.Rb5 Rg3+ 64.Kc2 Ke6  0-1

[Event "TCh-SRB 1st League"]
[Site "Vrnjacka Banja SRB"]
[Date "2010.08.26"]
[Round "6"]
[White "Vuckovic,Bo"]
[Black "Halkias,S"]
[Result "1/2-1/2"]
[WhiteElo "2623"]
[BlackElo "2588"]

1.e4 c5 2.Nf3 Nc6 3.Nc3 Nf6 4.Bb5 Qc7 5.d3 e6 6.O-O Be7 7.Re1 O-O 8.e5 Nd5
9.Nxd5 exd5 10.Bg5 Bxg5 11.Nxg5 Nd4 12.Ba4 b5 13.c3 Ne6 14.Nxe6 fxe6 15.Bb3 Qb6
16.d4 cxd4 17.Qxd4 Rb8 18.Rad1 a5 19.Qh4 Qd8 20.Qh3 Rf4 21.g3 Qg5 22.Bc2 g6
23.Qg2 Rf8 24.h4 Qe7 25.h5 g5 26.Rd4 Bb7 27.Qf1 Bc6 28.Qe2 Rf7 29.Qg4 Kh8
30.Re2 Rg8 31.h6 Qf8 32.Qh5 Qe7 33.Red2 Rff8 34.a3 Rb8 35.Kh2 Rbf8 36.Kg1 Rb8
37.Kh2 Rbf8  1/2-1/2

[Event "TCh-SRB 1st League"]
[Site "Vrnjacka Banja SRB"]
[Date "2010.08.27"]
[Round "7"]
[White "Leskur,D"]
[Black "Carnic,S"]
[Result "1/2-1/2"]
[WhiteElo "2426"]
[BlackElo "2361"]

1.e4 c5 2.Nf3 Nc6 3.Nc3 g6 4.d4 cxd4 5.Nxd4 Bg7 6.Nde2 Nf6 7.g3 d6 8.Bg2 Bd7
9.b3 O-O 10.Bb2 Qc8 11.h3 Rb8 12.Qd2 Ne8 13.O-O-O b5 14.f4 Qa6 15.Kb1 Nc7
16.Nd5 Bxb2 17.Nxc7 Qa3 18.c3 Qa5 19.Kxb2 Qxc7 20.e5 Rfe8 21.Rhe1 Qb6 22.exd6 exd6
23.Bxc6 Bxc6  1/2-1/2

[Event "9th Open"]
[Site "Istanbul TUR"]
[Date "2010.08.28"]
[Round "9"]
[White "Isik,E"]
[Black "Yuksel,A"]
[Result "1/2-1/2"]
[WhiteElo "2183"]
[BlackElo "1975"]

1.e4 c5 2.Nf3 Nc6 3.Nc3 d6 4.d4 cxd4 5.Nxd4 Nf6 6.Bc4 Qb6 7.Nb3 e6 8.Be3 Qc7
9.Be2 Be7 10.f4 a6 11.a4 b6 12.O-O Bb7 13.Bf3 Nd7 14.Qe1 O-O-O 15.Qf2 h6
16.Nd2 Nb4 17.Na2 Nxa2 18.Rxa2 g5 19.Ra3 gxf4 20.Bxf4 Bf6 21.c3 Bg5 22.Be2 Rhf8
23.b4 Qc6 24.Nc4 Bxf4 25.Qxf4 Nb8 26.Rd1 Kc7 27.Qe3 f5 28.b5 Qc5 29.Qxc5+ dxc5
30.Rxd8 Rxd8 31.exf5 exf5 32.Kf2 a5 33.Ra1 Be4 34.Rd1 Bd5 35.Ne3 Bb3 36.Rxd8 Kxd8
37.Bd1 Bxd1 38.Nxd1 Ke7 39.Ne3 Ke6 40.Kf3 Nd7 41.Kf4 Nf6 42.Nxf5 Nd5+ 43.Kg4 Nf6+
44.Kf4 Nd5+ 45.Ke4  1/2-1/2

[Event "TCh-ESP CECLUB Honor"]
[Site "Sestao ESP"]
[Date "2010.08.28"]
[Round "6"]
[White "Short,N"]
[Black "Illescas Cordoba,M"]
[Result "1/2-1/2"]
[WhiteElo "2690"]
[BlackElo "2591"]

1.e4 c5 2.Nf3 Nc6 3.Nc3 e5 4.Bc4 d6 5.d3 Be7 6.a4 Nf6 7.Bg5 Nd7 8.Bxe7 Qxe7
9.Nd5 Qd8 10.c3 O-O 11.Nd2 Nf6 12.Nxf6+ Qxf6 13.Nf1 Qg5 14.Ne3 Kh8 15.h4 Qd8
16.g4 a6 17.Qf3 Be6 18.Kf1 Rb8 19.Rh2 b5 20.axb5 axb5 21.Bd5 Ne7 22.h5 Bxd5
23.exd5 f5 24.gxf5 Ra8 25.Rxa8 Qxa8 26.Kg2 h6 27.Rh3 Qc8 28.Qe4 Nxf5 29.Rf3 Nxe3+
30.fxe3 Rxf3 31.Qxf3 c4 32.dxc4 bxc4 33.Qe4 Qc5 34.Kg3 Kg8 35.Qf3 Qb5 36.Qg2 Qb6
37.Qe4 Qb5 38.Qg2 Qb6 39.Qe4 Qb5  1/2-1/2

[Event "7th Open"]
[Site "Kalamaria GRE"]
[Date "2010.08.29"]
[Round "6"]
[White "Shavtvaladze,N"]
[Black "Petrov,Marij"]
[Result "1/2-1/2"]
[WhiteElo "2424"]
[BlackElo "2535"]

1.e4 c5 2.Nc3 Nc6 3.Bb5 Nd4 4.Bc4 e6 5.Nge2 Ne7 6.Nxd4 cxd4 7.Ne2 Nc6 8.O-O a6
9.d3 Be7 10.a3 O-O 11.Ba2 b5 12.f4 a5 13.f5 Re8 14.Nf4 Ne5 15.Qh5 Bf6 16.Qh3 g6
17.Bd2 Ra6 18.Kh1 Bb7 19.c3 dxc3 20.Bxc3 exf5 21.Nd5 Bxd5 22.Bxd5 Rd6 23.d4 Ng4
24.Qg3 Rxd5 25.exd5 Ne3 26.Rf3 Re4 27.Rxe3 f4 28.Bxa5 Qb8 29.Rxe4 fxg3 30.Rf1 Bg5
31.Rg4 h6 32.Rxg3 Qa8 33.Bc3 Qxd5 34.Rgf3 f5 35.Re1 Bf6 36.Ref1 Kf7 37.h3 h5
38.R1f2 h4 39.Rf1 Bd8 40.Re1 Bc7 41.Rfe3 Bg3 42.Rf1 Qc4 43.Rd1 g5 44.d5 g4
45.hxg4 Qxg4 46.Rf1 h3 47.Rxf5+ Qxf5 48.Rxg3 hxg2+ 49.Rxg2 Qxd5 50.Kg1 Qd1+
51.Kh2 d5 52.Rd2 Qf3 53.Rd4 Ke6 54.Rb4 Kd6 55.Rd4 Kc5 56.Rb4 Qf2+  1/2-1/2

[Event "Open"]
[Site "Baku AZE"]
[Date "2010.08.31"]
[Round "9"]
[White "Umudova,N"]
[Black "Huseyn,O"]
[Result "1-0"]
[WhiteElo "2239"]
[BlackElo "2115"]

1.e4 c5 2.Nf3 Nc6 3.Nc3 d6 4.d4 cxd4 5.Nxd4 Nf6 6.Bc4 g6 7.Nxc6 bxc6 8.e5 Nd7
9.exd6 exd6 10.O-O Ne5 11.Qe2 Be7 12.Bh6 Bg4 13.f3 Qb6+ 14.Kh1 Qxb2 15.Bg7 Qxc3
16.fxg4 Qxc4 17.Qxc4 Nxc4 18.Bxh8 Nd2 19.Rf4 d5 20.Bf6 Bd6 21.Re1+ Ne4 22.Rf3 a5
23.g5 a4 24.Rh3 Kd7 25.Rxh7 Re8 26.Rxf7+ Kc8 27.Rb1 Nf2+ 28.Kg1 Bc5 29.Be7 Bd4
30.Kf1 Ne4 31.Rb4 Nd2+ 32.Ke2 Bc5 33.Rxa4 Nc4 34.Rf8 Rxf8 35.Bxf8 Nb6 36.Rf4  1-0

[Event "7th Malaysia Open"]
[Site "Kuala Lumpur MAS"]
[Date "2010.09.02"]
[Round "3"]
[White "Lane,G"]
[Black "Xu Huahua"]
[Result "1/2-1/2"]
[WhiteElo "2373"]
[BlackElo "2079"]

1.e4 c5 2.Nc3 Nc6 3.Bb5 Nd4 4.Bc4 d6 5.Nge2 g6 6.d3 Bg7 7.O-O e6 8.f4 Ne7
9.a4 O-O 10.Ba2 Nec6 11.Nxd4 Nxd4 12.Be3 a6 13.Qd2 b5 14.Rae1 Qa5 15.e5 Bb7
16.exd6 Rfd8 17.Qf2 Rxd6 18.axb5 axb5 19.Bb1 c4 20.Ne4 Bxe4 21.dxe4 Qd8 22.c3 Nb3
23.e5 Rd7 24.Bb6 Qb8 25.Rd1 Rxd1 26.Rxd1 Qb7 27.h3 Bf8 28.g4 Qxb6 29.Qxb6 Bc5+
30.Qxc5 Nxc5 31.Kf2 Kf8 32.Ke2 Ke8  1/2-1/2

[Event "7th Malaysia Open"]
[Site "Kuala Lumpur MAS"]
[Date "2010.09.02"]
[Round "3"]
[White "Gao Rui"]
[Black "Ton,T"]
[Result "1-0"]
[WhiteElo "2450"]
[BlackElo "2243"]

1.e4 c5 2.Nf3 Nc6 3.Nc3 d6 4.d4 cxd4 5.Nxd4 Nf6 6.Bg5 Bd7 7.Qd2 Rc8 8.Nxc6 Bxc6
9.f3 h6 10.Be3 Qa5 11.Nb5 Qxd2+ 12.Bxd2 a6 13.Na7 Ra8 14.Nxc6 bxc6 15.O-O-O g6
16.Bc4 Bg7 17.Bc3 Nh5 18.Ba5 O-O 19.Rhe1 Rfb8 20.b3 Kf8 21.g3 Nf6 22.e5 Ne8
23.exd6 exd6 24.Bd3 Ra7 25.Re4 Nc7 26.Rc4 c5 27.Bxc7 Rxc7 28.Ra4 Bc3 29.Bxa6 Re8
30.Re4 Rce7 31.Rd3 Bd4 32.c3 Rxe4 33.fxe4 Bg1 34.Bb7 Bxh2 35.Bd5 f5 36.Rf3 Kg7
37.exf5 gxf5 38.Kd2 Re5 39.c4 Kf6 40.a4 Re7 41.g4 Kg5 42.gxf5 Bf4+ 43.Rxf4  1-0

[Event "5th XtraCon Open"]
[Site "Borup DEN"]
[Date "2010.09.03"]
[Round "1"]
[White "Zdebskaja,N"]
[Black "Danielsen,Hen"]
[Result "1/2-1/2"]
[WhiteElo "2357"]
[BlackElo "2529"]

1.e4 c5 2.Nf3 Nc6 3.Nc3 g6 4.d4 cxd4 5.Nxd4 Bg7 6.Be3 Nf6 7.Bc4 Qa5 8.O-O O-O
9.h3 d6 10.Bb3 Bd7 11.Re1 Rfe8 12.Nf3 Rac8 13.Qe2 Nh5 14.Rad1 Bxc3 15.bxc3 Be6
16.Qd2 Qa6 17.Bd5 Ne5 18.Nxe5 dxe5 19.Rb1 Rc7 20.Qd3 Nf6 21.Qxa6 bxa6 22.Bxe6 fxe6
23.Rb3 Nxe4 24.Bxa7 Nd2 25.Bb8 Rcc8 26.Bxe5 Nxb3  1/2-1/2

[Event "9th Georgiev-Kesarovski Mem"]
[Site "Sunny Beach BUL"]
[Date "2010.09.05"]
[Round "9"]
[White "Bassel,C"]
[Black "Sokalsky,A"]
[Result "0-1"]
[WhiteElo "2089"]
[BlackElo "2211"]

1.Nc3 c5 2.Nf3 Nc6 3.e4 g6 4.g3 Bg7 5.Bg2 d6 6.O-O Nf6 7.d4 cxd4 8.Nxd4 Bd7
9.h3 O-O 10.Nb3 Rc8 11.f4 a6 12.g4 Be6 13.g5 Nd7 14.Be3 b5 15.Nd4 Nxd4 16.Bxd4 Bxd4+
17.Qxd4 Qb6 18.Rad1 b4 19.Na4 Qb5 20.b3 Rxc2 21.f5 Qe2 22.Rf2 Qxf2+ 23.Qxf2 Rxf2
24.Kxf2 gxf5 25.Rc1 Ne5 26.Ke3 f4+ 27.Kd4 Rc8 28.Rxc8+ Bxc8 29.Nb6 Be6 30.Na8 a5
31.Nc7 Kg7 32.h4 Kg6  0-1

[Event "TCh-ROU Superliga"]
[Site "Baile Herculane ROU"]
[Date "2010.09.07"]
[Round "4"]
[White "Svetushkin,D"]
[Black "Kotronias,V"]
[Result "1/2-1/2"]
[WhiteElo "2552"]
[BlackElo "2592"]

1.e4 c5 2.Nf3 Nc6 3.Nc3 e5 4.Bc4 Be7 5.d3 Nf6 6.O-O O-O 7.a3 d6 8.h3 a6 9.Ne2 b5
10.Ba2 Be6 11.Ng3 h6 12.Bxe6 fxe6 13.c3 Qd7 14.d4 cxd4 15.cxd4 exd4 16.Nxd4 Nxd4
17.Qxd4 Rac8 18.Bd2 d5 19.Rae1 Rc4 20.Qd3 dxe4 21.Qxd7 Nxd7 22.Rxe4 Rxe4
23.Nxe4 Nf6 24.Re1 Kf7 25.Kf1 Rc8 26.Nxf6 Bxf6 27.Rc1  1/2-1/2

[Event "6th ch-EU"]
[Site "Arvier ITA"]
[Date "2010.09.08"]
[Round "5"]
[White "Marguerettaz,D"]
[Black "Tate,A"]
[Result "0-1"]
[WhiteElo "2116"]
[BlackElo "2234"]

1.e4 c5 2.Nc3 Nc6 3.Nge2 d6 4.f4 g6 5.g3 Bg7 6.Bg2 e6 7.O-O Nge7 8.d3 O-O
9.Be3 Nd4 10.Qd2 Rb8 11.Nd1 Nxe2+ 12.Qxe2 b6 13.Kh1 Kh8 14.c3 Ba6 15.Nf2 f5
16.e5 dxe5 17.fxe5 Qd7 18.Bg5 Nc6 19.Bf6 Bxf6 20.exf6 e5 21.Kg1 Rbe8 22.Qe3 Rxf6
23.Ne4 Rfe6 24.Ng5 Rd6 25.c4 Nb4  0-1

[Event "ch-POR"]
[Site "Amadora POR"]
[Date "2010.09.09"]
[Round "6"]
[White "Pereira,Rub"]
[Black "Mateus,F"]
[Result "1-0"]
[WhiteElo "2423"]
[BlackElo "2068"]

1.e4 c5 2.Nc3 Nc6 3.Bb5 a6 4.Bxc6 dxc6 5.f4 Nf6 6.d3 Qc7 7.Nf3 Bg4 8.h3 Bxf3
9.Qxf3 e6 10.Be3 Be7 11.a4 a5 12.g4 Nd7 13.g5 e5 14.O-O-O Bd6 15.f5 O-O-O
16.h4 Rdf8 17.f6 g6 18.h5 Rfg8 19.Rh4 Re8 20.Rdh1 Rhg8 21.hxg6 hxg6 22.Nd1 Nf8
23.Nf2 Ne6 24.Ng4 Kb8 25.Rh7 Nf8 26.Rg7 Ne6 27.Rhh7 Rgf8 28.Nh6 Nd8 29.Qh3 b6
30.Kb1 Kb7 31.Bd2 Kb8 32.Bc3 Kb7 33.Qh2 Kb8 34.Ng4 Kb7 35.Qg3 Kb8 36.b3 Kb7
37.Qh2 Qc8 38.Ne3 Bc7 39.Qh4 Qe6 40.Qg4 Qd6 41.Nc4 Qe6 42.Qxe6 Rxe6 43.Ne3 Rd6
44.Ng4 Rd7 45.Rxg6 Ne6 46.Bxe5 Rfd8 47.Rgg7 Nxg7 48.fxg7 Bxe5 49.Nxe5 Re7
50.Ng4 Ree8 51.g6  1-0

[Event "5th XtraCon Open"]
[Site "Borup DEN"]
[Date "2010.09.09"]
[Round "5"]
[White "Hansen,LH"]
[Black "Pedersen,HeD"]
[Result "0-1"]
[WhiteElo "2039"]
[BlackElo "2235"]

1.e4 c5 2.Nf3 Nc6 3.Nc3 g6 4.d4 cxd4 5.Nxd4 Bg7 6.Be3 Nf6 7.Bc4 O-O 8.f3 d6
9.Qd2 Ne5 10.Bb3 Qa5 11.O-O-O Bd7 12.Kb1 Rfc8 13.g4 Nc4 14.Bxc4 Rxc4 15.Nb3 Qc7
16.e5 Nxg4 17.exd6 exd6 18.Nd5 Qd8 19.fxg4 Bxg4 20.Bg5 Bxd1 21.Bxd8 Bxc2+
22.Ka1 Rxd8 23.Qg5 Rdc8 24.Ne3 Bxb3 25.axb3 R4c5 26.Nd5 h6 27.Qd2 Re8 28.Rf1 Re5
29.Ne3 b6 30.Nc4 Red5 31.Qg2 Rg5 32.Qe4 Rgf5 33.Rxf5 Rxf5 34.Nxd6 Rf2 35.Nc4 Kh7
36.Qd5 a6 37.Qd6 b5 38.Ne5 Rxh2 39.Nxg6 Rh1+ 40.Ka2 fxg6 41.Qxa6 Rh5 42.Qb7 Rf5
43.Qe4 h5 44.Ka3 Bf6  0-1

[Event "FSIMB September"]
[Site "Budapest HUN"]
[Date "2010.09.09"]
[Round "6"]
[White "Battey,A"]
[Black "Titz,Hei"]
[Result "1/2-1/2"]
[WhiteElo "2157"]
[BlackElo "2225"]

1.e4 c5 2.Nc3 Nc6 3.Bb5 e6 4.Bxc6 bxc6 5.d3 Ne7 6.f4 Ng6 7.Nf3 Be7 8.O-O O-O
9.f5 exf5 10.exf5 Nh8 11.Ne5 f6 12.Ng4 Nf7 13.Ne2 d5 14.Ng3 Bd6 15.Nh5 Ne5
16.Nxe5 Bxe5 17.Qg4 Rf7 18.Bh6 Qf8 19.Rae1 Bd7 20.b3 Re8 21.Bd2 Qd6 22.Bf4 Ree7
23.Bxe5 Rxe5 24.Rxe5 Qxe5 25.Ng3 Qe3+ 26.Kh1 Re7 27.Qf3 Qd4 28.Qf2 Qxf2 29.Rxf2 Re1+
30.Nf1 Kf7 31.g4 Ke7 32.Kg2 Kd6 33.Ng3 Be8 34.Re2 Rxe2+ 35.Nxe2 Ke5 36.Kf3 h5
37.h3 g5 38.c3 h4 39.Ke3 a5 40.c4 Bd7 41.Ng1 Bc8 42.Nf3+ Kd6 43.Kd2 Ba6 44.Ke3 a4
45.bxa4 dxc4 46.Nd2 cxd3 47.Ne4+ Ke5 48.Nxc5 d2 49.Kxd2 Bc8 50.Ke3 Kd5 51.Ne4 Ke5
52.a5 c5 53.Nxc5 Kd5 54.Ne4 Ke5 55.a3 Bb7 56.Nc5 Bc6 57.Nd3+ Kd6 58.Kd4 Bg2
59.Nf2 Bf1 60.a4 Kc6 61.Ne4 Bxh3 62.Nxf6 Bf1 63.Ne4 h3 64.Nf2 Kd6 65.a6 h2
66.Ne4+ Ke7 67.a7 h1=Q 68.a8=Q Qg1+ 69.Ke5 Qh2+ 70.Kd5 Qa2+ 71.Kd4 Qc4+ 72.Ke5 Qc7+
73.Kd4 Qc4+  1/2-1/2

[Event "5th XtraCon Open"]
[Site "Borup DEN"]
[Date "2010.09.11"]
[Round "7"]
[White "Hansen,Ja"]
[Black "Jorgensen,O"]
[Result "1-0"]
[WhiteElo "1999"]
[BlackElo "1680"]

1.e4 c5 2.Nc3 Nc6 3.Nf3 d6 4.Bc4 Nf6 5.d3 Nd4 6.h3 e6 7.Bg5 h6 8.Bxf6 Qxf6
9.Nxd4 cxd4 10.Nb5 Qd8 11.Nxd4 Qb6 12.Ne2 Qxb2 13.Rb1 Qe5 14.O-O Be7 15.Bb5+ Kd8
16.f4 Qc5+ 17.d4 Qa3 18.Rf3 Qxa2 19.Qc1 Qa5 20.Rfb3 Qc7 21.c4 b6 22.d5 Bb7
23.Kh1 Bf6 24.Qa3 g5 25.f5 exf5 26.exf5 Bc8 27.Ng3 Be5 28.Ne4 Bxf5 29.Re1 Bd7
30.Bxd7 Qxd7 31.Rxb6 Kc7 32.Rc6+ Kd8 33.Qa5+ Ke7 34.Rc7 Qxc7 35.Qxc7+ Kf8
36.Rf1 Kg7 37.Qxf7+  1-0

[Event "5th XtraCon Open"]
[Site "Borup DEN"]
[Date "2010.09.11"]
[Round "8"]
[White "Bejtovic,J"]
[Black "Knudsen,JesW"]
[Result "1-0"]
[WhiteElo "2404"]
[BlackElo "1996"]

1.e4 c5 2.Nc3 Nc6 3.Bb5 Nd4 4.Bc4 e6 5.Nge2 a6 6.a4 Ne7 7.Nxd4 cxd4 8.Ne2 Nc6
9.O-O Ne5 10.Bb3 d3 11.Ng3 h5 12.cxd3 h4 13.Ne2 Nxd3 14.Qc2 Nc5 15.Ba2 b5
16.axb5 Bb7 17.f3 axb5 18.d4 Na6 19.Bb3 Rc8 20.Qd1 Nb4 21.Be3 d5 22.e5 g5
23.Qd2 Rg8 24.f4 gxf4 25.Nxf4 Be7 26.Nh5 Nc6 27.Nf6+ Bxf6 28.Rxf6 Nxe5 29.dxe5 d4
30.Bg5 Qc7 31.Re1 h3 32.Bd1 Qc5 33.Bh5 Rxg5 34.Qxg5 d3+ 35.Rf2  1-0

[Event "e2e4 Open"]
[Site "Sunningdale ENG"]
[Date "2010.09.11"]
[Round "2"]
[White "Josse,Mar"]
[Black "Slavin,A"]
[Result "0-1"]
[WhiteElo "2045"]
[BlackElo "2304"]

1.e4 c5 2.Nc3 Nc6 3.Nf3 d6 4.d4 cxd4 5.Nxd4 Nf6 6.Bg5 e6 7.Qd2 a6 8.O-O-O Bd7
9.f3 Be7 10.h4 h6 11.Be3 h5 12.Bg5 Ne5 13.Kb1 b5 14.Bd3 Qb6 15.Be3 Qb7 16.Rhe1 b4
17.Nce2 a5 18.Nc1 a4 19.Bg5 Ra5 20.f4 Neg4 21.Nf3 Bc6 22.e5 dxe5 23.fxe5 Nd5
24.Bxe7 Qxe7 25.Ng5 a3 26.Nb3 Ra8 27.c3 bxc3 28.bxc3 O-O 29.c4 Nb4 30.Be4 Rad8
31.Qf4 g6 32.Rd6 Bxe4+ 33.Rxe4 Nd3 34.Qg3 Ndxe5 35.Rxd8 Qxd8 36.Rxe5 Nxe5
37.Qxe5 Qd3+ 38.Kc1 Rd8 39.Qe1 Qxc4+ 40.Kb1 Qd3+  0-1

[Event "e2e4 Open"]
[Site "Sunningdale ENG"]
[Date "2010.09.11"]
[Round "4"]
[White "Josse,Mar"]
[Black "Thomassen,J"]
[Result "0-1"]
[WhiteElo "2045"]
[BlackElo "2300"]

1.e4 c5 2.Nc3 Nc6 3.Nf3 d6 4.d4 cxd4 5.Nxd4 Nf6 6.Bg5 e6 7.Qd2 a6 8.O-O-O Bd7
9.f3 Be7 10.h4 h6 11.Be3 h5 12.Nxc6 Bxc6 13.Bg5 b5 14.Bd3 Qb6 15.Rhe1 b4
16.Ne2 a5 17.Kb1 Rc8 18.Nf4 Qc7 19.Re2 Kf8 20.Rde1 e5 21.Nd5 Qd8 22.Ba6 Ra8
23.Nxe7 Kxe7 24.Bc4 Rc8 25.Bd5 Qb6 26.Bxc6 Rxc6 27.Rd1 Rhc8 28.Qe1 a4 29.Rd3 Qb5
30.Qd1 Ke6 31.Bxf6 gxf6 32.Red2 Qb6 33.f4 exf4 34.Qxh5 Qg1+ 35.Rd1 Qxg2 36.R3d2 Qg3
37.Qf5+ Ke7 38.h5 b3 39.axb3 axb3 40.cxb3 Qxb3 41.Qxf4 Ra8 42.Qxd6+ Rxd6
43.Rxd6 Qa2+  0-1

[Event "WCh w Blitz Semi-Final"]
[Site "Moscow RUS"]
[Date "2010.09.16"]
[Round "25"]
[White "Vasilevich,I"]
[Black "Gaponenko,I"]
[Result "0-1"]
[WhiteElo "2324"]
[BlackElo "2469"]

1.e4 c5 2.Nc3 Nc6 3.Bb5 Nd4 4.Bc4 g6 5.Nf3 Bg7 6.Nxd4 cxd4 7.Qf3 Nh6 8.Ne2 e6
9.d3 f5 10.Qh3 Nf7 11.exf5 Qa5+ 12.Bd2 Qxf5 13.g4 Qc5 14.f4 b5 15.Bb3 a5
16.a4 Bb7 17.Rf1 Bd5 18.Bxd5 Qxd5 19.f5 exf5 20.gxf5 O-O 21.fxg6 hxg6 22.Qf3 Qe6
23.axb5 Rae8 24.Kd1 Ne5 25.Qg2 Rxf1+ 26.Qxf1 Ng4 27.Rxa5 Rf8 28.Qg1 Rf2 29.Nf4 Qf5
30.b6 Rxd2+ 31.Kxd2 Qxa5+ 32.Ke2 Qe5+ 33.Kf3 Ne3 34.Qxg6 Nxc2 35.b7 Ne1+
36.Kg4 Qb8 37.Qe4 Nc2 38.Qd5+ Kh7 39.Qh5+ Kg8 40.Qd5+ Kh7 41.Nh3 Ne3+ 42.Kf3 Nxd5
43.Ng5+ Kg8  0-1

[Event "EYCC Boys U18"]
[Site "Batumi GEO"]
[Date "2010.09.20"]
[Round "1"]
[White "Rzayev,B"]
[Black "Krejci,Jan2"]
[Result "0-1"]
[WhiteElo "2235"]
[BlackElo "2454"]

1.e4 c5 2.Nc3 Nc6 3.Bb5 Nd4 4.Bc4 e6 5.Nf3 Ne7 6.O-O Nec6 7.Nxd4 cxd4 8.Ne2 Be7
9.c3 Qc7 10.d3 Na5 11.Bb5 a6 12.Ba4 dxc3 13.bxc3 b5 14.Bc2 Bb7 15.d4 Nc4
16.Kh1 Rc8 17.Bd3 Nb6 18.Rb1 O-O 19.f4 f5 20.e5 Bd5 21.Rb2 Qb7 22.Rg1 Rc7
23.Rc2 Rfc8 24.h3 Na4 25.Kh2 Nxc3 26.Nxc3 Rxc3 27.Rxc3 Rxc3 28.Bb2 Rc8 29.g4 Be4
30.gxf5 exf5 31.Qe2 g6 32.Bxe4 Qxe4 33.Qxe4 fxe4 34.d5 Rc5 35.d6 Bh4 36.Rc1 Rxc1
37.Bxc1 Kf7 38.Kg2 Ke6 39.Kf1 Kf5 40.Ke2 g5 41.fxg5 Kxe5 42.Bb2+ Kf5  0-1

[Event "EYCC Girls U16"]
[Site "Batumi GEO"]
[Date "2010.09.20"]
[Round "1"]
[White "Gevorgyan,M"]
[Black "Carlsen,I"]
[Result "1-0"]
[WhiteElo "1981"]
[BlackElo "1523"]

1.e4 c5 2.Nc3 Nc6 3.Bb5 g6 4.Bxc6 bxc6 5.d3 Bg7 6.Nge2 Nf6 7.Be3 d6 8.h3 O-O
9.Qd2 e5 10.O-O Qa5 11.f4 Re8 12.fxe5 dxe5 13.Rf3 Be6 14.b3 Nd7 15.Raf1 f5
16.exf5 Bxf5 17.Bh6 Re7 18.Nd5 Qxd2 19.Nxe7+ Kf7 20.Bxd2 Kxe7 21.Ng3 Be6
22.Ne4 Rf8 23.Bg5+  1-0

[Event "EYCC Boys U18"]
[Site "Batumi GEO"]
[Date "2010.09.21"]
[Round "2"]
[White "Talmazan,Ole"]
[Black "Potpara,N"]
[Result "0-1"]
[WhiteElo "1884"]
[BlackElo "2157"]

1.e4 c5 2.Nc3 Nc6 3.Nge2 e6 4.g3 d5 5.exd5 exd5 6.d4 Bg4 7.Qd3 Nb4 8.Qe3+ Be7
9.Kd1 Rc8 10.Qf4 h5 11.h3 g5 12.Qe3 Bf5 13.Qe5 Bxc2+ 14.Kd2 f6 15.Qe3 Bg6  0-1

[Event "EYCC Boys U12"]
[Site "Batumi GEO"]
[Date "2010.09.21"]
[Round "2"]
[White "Sanal,V"]
[Black "Valev,V"]
[Result "1-0"]
[WhiteElo "2170"]
[BlackElo "1911"]

1.e4 c5 2.Nf3 Nc6 3.Nc3 g6 4.d4 cxd4 5.Nxd4 Bg7 6.Be3 Nf6 7.Bc4 d6 8.h3 O-O
9.Bb3 Bd7 10.O-O Nxd4 11.Bxd4 b5 12.Qd3 a6 13.a4 Rb8 14.axb5 Bxb5 15.Nxb5 axb5
16.Ra7 Nd7 17.Bxg7 Kxg7 18.Bd5 Nc5 19.Qd4+ e5 20.Qe3 Qb6 21.Rfa1 Na4 22.b3 Qxe3
23.fxe3 Nb6 24.Bc6 b4 25.R1a6 Nc8 26.Rc7 Rd8 27.Bd5 Rf8 28.Rb7 Rxb7 29.Bxb7 Ne7
30.Rxd6 Rb8 31.Ba6 Ra8 32.Bc4 Ra2 33.Bd3 f5 34.Re6 fxe4 35.Bxe4 Nf5 36.Kf2 Ra5
37.g4 Nh6 38.Rb6 Nf7 39.h4 Rc5 40.g5 Rc7 41.Ke2 Rd7 42.Rxb4 Nd6 43.Bc6 Rc7
44.Rb6 Kf8 45.c4 Nc8 46.Ra6 Ke7 47.b4 Nd6 48.c5 Nf5 49.b5 e4 50.Ra4 Kd8 51.Kd2 Ng3
52.Rd4+ Kc8 53.Rd6 Ra7 54.b6 Ra2+ 55.Kc3 Ne2+ 56.Kb3 Nc1+ 57.Kc4 Rc2+ 58.Kd5 Rd2+
59.Kxe4  1-0

[Event "EYCC Boys U18"]
[Site "Batumi GEO"]
[Date "2010.09.22"]
[Round "3"]
[White "Rzayev,B"]
[Black "Immonen,V"]
[Result "1-0"]
[WhiteElo "2235"]
[BlackElo "2018"]

1.e4 c5 2.Nc3 Nc6 3.Bb5 Nd4 4.Bc4 e6 5.Nf3 Nf6 6.O-O a6 7.a4 Nxe4 8.Nxe4 d5
9.Bd3 dxe4 10.Bxe4 Bd6 11.c3 Nxf3+ 12.Qxf3 Qc7 13.h3 O-O 14.d4 cxd4 15.cxd4 Rb8
16.Bd2 Bd7 17.Bc3 Bc6 18.d5 Bxd5 19.Bxd5 exd5 20.Qxd5 Qc5 21.Rad1 Qxd5 22.Rxd5 Rbd8
23.Rfd1 Bc7 24.Rd7 Rfe8 25.Kf1 Rxd7 26.Rxd7 Rc8 27.Ke2 h6 28.Kf3 Kf8 29.Bb4+ Kg8
30.b3 b5 31.axb5 axb5 32.Rd5 Rb8 33.Ke4 Re8+ 34.Kd3 Rb8 35.Bc5 Ba5 36.b4 Bc7
37.Rd7 Bb6 38.Kd4 f6 39.Kd5 Bxc5 40.bxc5 b4 41.c6 Kh7 42.c7  1-0

[Event "EYCC Boys U12"]
[Site "Batumi GEO"]
[Date "2010.09.23"]
[Round "4"]
[White "Sanal,V"]
[Black "Ghvamberia,N"]
[Result "1-0"]
[WhiteElo "2170"]
[BlackElo "1752"]

1.e4 c5 2.Nf3 Nc6 3.Nc3 d6 4.d4 cxd4 5.Nxd4 Nf6 6.Bg5 e6 7.Qd2 Be7 8.O-O-O a6
9.f4 Qc7 10.Bxf6 gxf6 11.f5 Bd7 12.g3 O-O-O 13.Bh3 Nxd4 14.Qxd4 Kb8 15.Kb1 Qc5
16.Qd3 Rc8 17.Rhe1 Rhd8 18.Rd2 b5 19.Ne2 Qe5 20.Nf4 Rc4 21.Qe3 Bc8 22.Bf1 Bb7
23.Bxc4 bxc4 24.fxe6 fxe6 25.c3 f5 26.exf5 Qxf5+ 27.Ka1 e5 28.Nd5 Bg5 29.Qb6 Qf7
30.Nb4  1-0